| 000 | 00632nam a2200241 a 4500 | ||
|---|---|---|---|
| 001 | 0001-1115 | ||
| 003 | ELIB.Books | ||
| 008 | 150410 2010 eng | ||
| 020 | _a0800755065 | ||
| 035 | _a(ELIB.Books)0001-1270 | ||
| 092 |
_a253 _bLog |
||
| 100 | _aLogan, Robert E. | ||
| 245 |
_aMobilizing for Compassion: _bMoving People into Ministry |
||
| 260 |
_aGrand Rapids _bFleming H. Revell _c1994 |
||
| 300 |
_a201 _c23 Cm |
||
| 500 | _aC/o Moe Lwei | ||
| 650 | _aChurch Work | ||
| 856 |
_nKBTS: Library _uKBTS: Elib |
||
| 942 |
_2ddc _cBK |
||
| 990 | _a1 | ||
| 998 |
_cbat _e2015-04-10 |
||
| 999 |
_c11115 _d11115 |
||